| 000 -LEADER |
| fixed length control field |
00631pam a2200181 i 4500 |
| 020 ## - INTERNATIONAL STANDARD BOOK NUMBER |
| ISBN |
0824805771 |
| 040 ## - CATALOGING SOURCE |
| Transcribing agency |
DLC |
| 082 00 - DEWEY DECIMAL CLASSIFICATION NUMBER |
| Classification number |
338 PUB 1978 A015 Or. |
| 245 00 - TITLE STATEMENT |
| Title |
Palm sago : |
| Remainder of title |
a tropical starch from marginal lands / |
| 260 ## - PUBLICATION, DISTRIBUTION, ETC. (IMPRINT) |
| Place of publication |
Honolulu : |
| Name of publisher |
Published for the East-West Center by the University Press of Hawaii, |
| Year of publication |
c1978. |
| 300 ## - PHYSICAL DESCRIPTION |
| Number of Pages |
xvi, 207 p. : |
| Other physical details |
ill. ; |
| Dimensions |
23 cm. |
| 500 ## - GENERAL NOTE |
| General note |
"An East-West Center book from the East-West Technology and Development Institute." |
| 500 ## - GENERAL NOTE |
| General note |
Includes index. |
| 650 #0 - SUBJECT ADDED ENTRY--TOPICAL TERM |
| Topical Term |
Sago. |
| 700 1# - ADDED ENTRY--PERSONAL NAME |
| Personal name |
Ruddle, Kenneth. |
| 710 2# - ADDED ENTRY--CORPORATE NAME |
| Corporate name or jurisdiction name as entry element |
East-West Technology and Development Institute. |
| 942 ## - ADDED ENTRY ELEMENTS (KOHA) |
| Koha item type |
សៀវភៅភាសាអង់គ្លេស |
| 952 ## - LOCATION AND ITEM INFORMATION (KOHA) |
| Withdrawn status [LOCAL, KOHA] |
0 |
| 952 ## - LOCATION AND ITEM INFORMATION (KOHA) |
| Withdrawn status [LOCAL, KOHA] |
0 |